[Event "21. Open Cappelle la Grande"]
[Site "Cappelle la Grande FRA"]
[Date "2005.02.16"]
[Round "6"]
[White "Collette, Benjamin"]
[Black "Georgiev, Krum"]
[Result "0-1"]
[WhiteElo "2194"]
[BlackElo "2456"]
[PlyCount "48"]
[EventDate "2005.02.12"]
[EventType "swiss"]
[EventRounds "9"]
[EventCountry "FRA"]
[Source "lmi"]
[SourceDate "2005.02.18"]

1. e4 c5 2. a3 g6 3. b4 Bg7 4. Nc3 d6 5. Nf3 Nc6 6. Rb1 e6 7. g3 Nge7 8. Bg2
O-O 9. O-O b6 10. Re1 e5 11. d3 h6 12. Nd2 Nd4 13. Nc4 Be6 14. Ne3 f5 15. exf5
gxf5 16. f4 exf4 17. gxf4 Kh7 18. Ncd5 Nxd5 19. Nxd5 Rg8 20. Kh1 Bh8 21. Qd2
Qh4 22. Bb2 Rxg2 23. Qxg2 Rg8 24. Rxe6 Rxg2 0-1

[Event "21. Open Cappelle la Grande"]
[Site "Cappelle la Grande FRA"]
[Date "2005.02.16"]
[Round "6"]
[White "Delemarre, Jop"]
[Black "Zhang Pengxiang"]
[Result "0-1"]
[WhiteElo "2427"]
[BlackElo "2560"]
[PlyCount "56"]
[EventDate "2005.02.12"]
[EventType "swiss"]
[EventRounds "9"]
[EventCountry "FRA"]
[Source "lmi"]
[SourceDate "2005.02.18"]

1. d4 d5 2. c4 dxc4 3. Nf3 Nf6 4. Nc3 a6 5. a4 Nc6 6. e4 Bg4 7. e5 Bxf3 8. gxf3
Nd5 9. Be3 e6 10. Bg2 Bb4 11. Rc1 Qd7 12. O-O Bxc3 13. bxc3 O-O 14. Qc2 Na5 15.
Rb1 Nb3 16. Rxb3 cxb3 17. Qxb3 b5 18. a5 c5 19. f4 cxd4 20. Bxd4 Rac8 21. f5
Nf4 22. fxe6 fxe6 23. Be4 Rc4 24. Kh1 Ne2 25. Bxh7+ Kxh7 26. Qc2+ Rf5 27. Qxe2
Qc6+ 28. f3 b4 0-1

[Event "21. Open Cappelle la Grande"]
[Site "Cappelle la Grande FRA"]
[Date "2005.02.16"]
[Round "6"]
[White "Dzhumaev, Marat"]
[Black "Maitesian, Sergei"]
[Result "1-0"]
[WhiteElo "2569"]
[BlackElo "2317"]
[PlyCount "51"]
[EventDate "2005.02.12"]
[EventType "swiss"]
[EventRounds "9"]
[EventCountry "FRA"]
[Source "lmi"]
[SourceDate "2005.02.18"]

1. e4 g6 2. d4 Bg7 3. Nc3 d6 4. Be3 c6 5. Qd2 b5 6. O-O-O a5 7. h4 h5 8. Nf3
Nf6 9. Ng5 Na6 10. f3 b4 11. Na4 O-O 12. g4 hxg4 13. Be2 gxf3 14. Bxf3 Bg4 15.
Bxg4 Nxg4 16. h5 Nc7 17. Rdg1 f5 18. hxg6 e6 19. Rxg4 fxg4 20. Qh2 Rf6 21. e5
dxe5 22. dxe5 Rf5 23. Qh7+ Kf8 24. Bc5+ Ke8 25. Qg8+ Bf8 26. Qf7+ 1-0

[Event "21. Open Cappelle la Grande"]
[Site "Cappelle la Grande FRA"]
[Date "2005.02.16"]
[Round "6"]
[White "Edouard, Romain"]
[Black "Likavsky, Tomas"]
[Result "1/2-1/2"]
[WhiteElo "2221"]
[BlackElo "2465"]
[PlyCount "39"]
[EventDate "2005.02.12"]
[EventType "swiss"]
[EventRounds "9"]
[EventCountry "FRA"]
[Source "lmi"]
[SourceDate "2005.02.18"]

1. e4 c5 2. Nf3 d6 3. d4 cxd4 4. Nxd4 Nf6 5. Nc3 Nc6 6. Be2 e5 7. Nb3 Be7 8.
O-O O-O 9. Be3 a5 10. Nd2 Nd4 11. Bd3 Bg4 12. Qe1 Re8 13. Nb3 Nc6 14. a3 d5 15.
exd5 Nxd5 16. Nxd5 Qxd5 17. f3 Be6 18. Rd1 e4 19. Bxe4 Qh5 20. Bd4 1/2-1/2

[Event "21. Open Cappelle la Grande"]
[Site "Cappelle la Grande FRA"]
[Date "2005.02.16"]
[Round "6"]
[White "Feller, Sebastien"]
[Black "Aagaard, J."]
[Result "1-0"]
[WhiteElo "2191"]
[BlackElo "2449"]
[PlyCount "73"]
[EventDate "2005.02.12"]
[EventType "swiss"]
[EventRounds "9"]
[EventCountry "FRA"]
[Source "lmi"]
[SourceDate "2005.02.18"]

1. d4 g6 2. c4 Bg7 3. Nc3 d6 4. e4 Nf6 5. f3 O-O 6. Bg5 Nc6 7. Nge2 a6 8. Qd2
Rb8 9. Nc1 e5 10. d5 Nd4 11. b4 c5 12. bxc5 dxc5 13. Bd3 Bd7 14. O-O b5 15.
N3e2 bxc4 16. Bxc4 Rb4 17. Nxd4 exd4 18. Bb3 h6 19. Bxf6 Qxf6 20. Nd3 Rbb8 21.
Bc4 Qd6 22. Rfe1 Rfe8 23. Qe2 Bb5 24. Rac1 Rbc8 25. Qc2 f5 26. Rb1 fxe4 27.
fxe4 Kh8 28. a4 Bd7 29. Qd2 g5 30. Qa5 Qg6 31. Rb6 Qh5 32. Rb7 Bg4 33. d6 Rcd8
34. Bf7 Qh4 35. Bxe8 Rxd6 36. Qc7 Be5 37. Qh7# 1-0

[Event "21. Open Cappelle la Grande"]
[Site "Cappelle la Grande FRA"]
[Date "2005.02.16"]
[Round "6"]
[White "Foisor, Cristina Adela"]
[Black "Zelcic, Robert"]
[Result "1/2-1/2"]
[WhiteElo "2411"]
[BlackElo "2514"]
[PlyCount "98"]
[EventDate "2005.02.12"]
[EventType "swiss"]
[EventRounds "9"]
[EventCountry "FRA"]
[Source "lmi"]
[SourceDate "2005.02.18"]

1. Nf3 Nf6 2. g3 d5 3. Bg2 c5 4. O-O e6 5. d4 cxd4 6. Nxd4 e5 7. Nb3 Be7 8. Bg5
Nbd7 9. c4 dxc4 10. N3d2 h6 11. Bxf6 Nxf6 12. Nxc4 Qc7 13. Nbd2 O-O 14. Qb3 Rb8
15. Rac1 Be6 16. Qb5 Nd7 17. Na5 Qb6 18. Qxb6 axb6 19. Nab3 Nc5 20. Nc4 Rfd8
21. Nxb6 Nxb3 22. axb3 Rd2 23. Nc4 Rxe2 24. Bf3 Bxc4 25. bxc4 Rxb2 26. Rb1 Rc2
27. Rfc1 Rxc1+ 28. Rxc1 Bc5 29. Rb1 Rd8 30. Rb2 b6 31. Bd5 Rd6 32. Kg2 Rd7 33.
Ra2 Kh7 34. Ra8 Bd6 35. h4 h5 36. Ra6 Bc5 37. Ra8 Bd6 38. Ra6 Bc5 39. Ra8 f6
40. Rb8 Rd6 41. Be4+ f5 42. Bxf5+ g6 43. Rb7+ Kh6 44. Be4 Rd4 45. f3 Rxc4 46.
Rc7 Rd4 47. Kh3 Rd1 48. Rc6 Rd6 49. Rc7 Rd1 1/2-1/2

[Event "21. Open Cappelle la Grande"]
[Site "Cappelle la Grande FRA"]
[Date "2005.02.16"]
[Round "6"]
[White "Garrigues, Gilles"]
[Black "Zimmerman, Yuri"]
[Result "0-1"]
[WhiteElo "2143"]
[BlackElo "2363"]
[PlyCount "79"]
[EventDate "2005.02.12"]
[EventType "swiss"]
[EventRounds "9"]
[EventCountry "FRA"]
[Source "lmi"]
[SourceDate "2005.02.18"]

1. d4 d6 2. Bf4 g6 3. Nf3 Bg7 4. e3 Nd7 5. c3 e5 6. Bg5 Bf6 7. Bxf6 Ngxf6 8.
Be2 O-O 9. O-O Qe7 10. Re1 Re8 11. dxe5 dxe5 12. Nbd2 Rd8 13. e4 Nh5 14. Bf1
Nf8 15. g3 Bg4 16. Qe2 Rxd2 17. Qxd2 Bxf3 18. Qe3 Bg4 19. f3 Be6 20. b3 Nd7 21.
Rad1 Qc5 22. Qxc5 Nxc5 23. Rd2 Kf8 24. Red1 Ke7 25. Kf2 Nf6 26. Ke3 a5 27. g4
h6 28. h4 Ne8 29. Rc1 Bxb3 30. axb3 Nxb3 31. Rb1 Nxd2 32. Kxd2 Nd6 33. c4 c5
34. g5 hxg5 35. hxg5 Rh8 36. Be2 Kd7 37. Ke3 Rh5 38. f4 Rh3+ 39. Bf3 Nxc4+ 40.
Kf2 0-1

[Event "21. Open Cappelle la Grande"]
[Site "Cappelle la Grande FRA"]
[Date "2005.02.16"]
[Round "6"]
[White "Genov, Petar"]
[Black "Cohen, Aurelien"]
[Result "1-0"]
[WhiteElo "2470"]
[BlackElo "2155"]
[PlyCount "89"]
[EventDate "2005.02.12"]
[EventType "swiss"]
[EventRounds "9"]
[EventCountry "FRA"]
[Source "lmi"]
[SourceDate "2005.02.18"]

1. d4 Nf6 2. c4 e6 3. Nf3 c5 4. Nc3 cxd4 5. Nxd4 a6 6. e4 Bb4 7. Bd3 Nc6 8.
Nxc6 dxc6 9. e5 Nd7 10. f4 Nc5 11. Bc2 Qxd1+ 12. Kxd1 O-O 13. Ne4 Nxe4 14. Bxe4
f6 15. Ke2 Bd7 16. Bd2 Bxd2 17. Kxd2 fxe5 18. fxe5 Be8 19. Kc3 Bg6 20. Bf3 Rfd8
21. Rad1 Kf7 22. Rd6 Ke7 23. c5 Rxd6 24. exd6+ Kd7 25. Re1 Rb8 26. Bg4 Bf7 27.
b4 b6 28. Rf1 Bg6 29. h4 bxc5 30. bxc5 Rb5 31. Kc4 Ra5 32. h5 Ra4+ 33. Kb3 Rxg4
34. hxg6 Rxg6 35. Rf7+ Kd8 36. Rc7 e5 37. Rxc6 e4 38. Kc3 e3 39. Kd3 Re6 40.
Ke2 a5 41. Ra6 g5 42. Ra8+ Kd7 43. Ra7+ Kd8 44. Rxh7 g4 45. Rg7 1-0

[Event "21. Open Cappelle la Grande"]
[Site "Cappelle la Grande FRA"]
[Date "2005.02.16"]
[Round "6"]
[White "Gouliev, Namig"]
[Black "Scetinin, Alexander"]
[Result "1-0"]
[WhiteElo "2514"]
[BlackElo "2237"]
[PlyCount "81"]
[EventDate "2005.02.12"]
[EventType "swiss"]
[EventRounds "9"]
[EventCountry "FRA"]
[Source "lmi"]
[SourceDate "2005.02.18"]

1. e4 e5 2. Nf3 Nc6 3. Bb5 f5 4. Nc3 fxe4 5. Nxe4 Nf6 6. Qe2 d5 7. Nxf6+ gxf6
8. d4 Bg7 9. dxe5 O-O 10. e6 Qd6 11. O-O Bxe6 12. Bxc6 bxc6 13. Bf4 Qd7 14. Nd4
Bf7 15. Nb3 Rfe8 16. Qd2 Bf8 17. Be3 Re4 18. Nc5 Bxc5 19. Bxc5 Qf5 20. b3 a6
21. Rae1 Rae8 22. Re3 Bg6 23. c3 Qg5 24. Qe2 f5 25. Rxe4 dxe4 26. f4 exf3 27.
Qxf3 Qf6 28. Qd3 Qe5 29. Bd4 Qe2 30. Qg3 c5 31. Bxc5 Qxa2 32. h4 Re4 33. Rxf5
Qe2 34. Rf2 Qg4 35. Rf8+ Kg7 36. Qxc7+ Kh6 37. Rf3 Qe6 38. Be3+ Kh5 39. Kf2 Qe5
40. g4+ Kxg4 41. Rg3+ 1-0

[Event "21. Open Cappelle la Grande"]
[Site "Cappelle la Grande FRA"]
[Date "2005.02.16"]
[Round "6"]
[White "Harasta, Vladimir"]
[Black "Muzychuk, Anna"]
[Result "0-1"]
[WhiteElo "2155"]
[BlackElo "2387"]
[PlyCount "68"]
[EventDate "2005.02.12"]
[EventType "swiss"]
[EventRounds "9"]
[EventCountry "FRA"]
[Source "lmi"]
[SourceDate "2005.02.18"]

1. c4 c5 2. Nf3 Nc6 3. Nc3 e5 4. g3 g6 5. Bg2 d6 6. O-O Bg7 7. Rb1 Nge7 8. a3
a5 9. d3 O-O 10. Bg5 f6 11. Bd2 Be6 12. Qc1 Qd7 13. Nh4 Nd4 14. b4 cxb4 15.
axb4 a4 16. Qa3 d5 17. c5 Nb5 18. Nxb5 Qxb5 19. Rfc1 Nc6 20. e3 d4 21. e4 Na7
22. Nf3 Qa6 23. Be1 Nb5 24. Qb2 Bh6 25. Bd2 a3 26. Qc2 Bxd2 27. Qxd2 Nc3 28.
Ra1 Qb5 29. Rxc3 dxc3 30. Qxc3 Ra4 31. Rxa3 Qxb4 32. Qxb4 Rxb4 33. Kf1 Rc8 34.
Rc3 Rb3 0-1

[Event "21. Open Cappelle la Grande"]
[Site "Cappelle la Grande FRA"]
[Date "2005.02.16"]
[Round "6"]
[White "Kruppa, Yuri"]
[Black "Van der Stricht, Geert"]
[Result "1/2-1/2"]
[WhiteElo "2553"]
[BlackElo "2425"]
[PlyCount "80"]
[EventDate "2005.02.12"]
[EventType "swiss"]
[EventRounds "9"]
[EventCountry "FRA"]
[Source "lmi"]
[SourceDate "2005.02.18"]

1. d4 Nf6 2. c4 e6 3. Nf3 d5 4. Nc3 Be7 5. Bg5 O-O 6. e3 h6 7. Bxf6 Bxf6 8. Qb3
c5 9. dxc5 Qa5 10. cxd5 exd5 11. Nd4 Qxc5 12. Qxd5 Qb6 13. O-O-O Nc6 14. Qb5
Nxd4 15. Qxb6 axb6 16. exd4 Be6 17. d5 Bf5 18. Bd3 Bxd3 19. Rxd3 Bxc3 20. Rxc3
Rxa2 21. Kb1 Rfa8 22. Rhc1 Ra1+ 23. Kc2 Rxc1+ 24. Kxc1 Rd8 25. Rd3 Kf8 26. Kc2
Ke7 27. Kb3 Rc8 28. Rc3 Rc5 29. Rg3 g6 30. Re3+ Kd6 31. Rf3 Rc7 32. Kb4 f5 33.
Kb5 Rc2 34. b3 Kc7 35. d6+ Kxd6 36. Kxb6 Rb2 37. Kxb7 f4 38. g3 g5 39. gxf4
gxf4 40. Rxf4 Rxb3+ 1/2-1/2

[Event "21. Open Cappelle la Grande"]
[Site "Cappelle la Grande FRA"]
[Date "2005.02.16"]
[Round "6"]
[White "Lagunes, Jean Renaud"]
[Black "Goldsztejn, Gildas"]
[Result "1-0"]
[WhiteElo "2130"]
[BlackElo "2359"]
[PlyCount "75"]
[EventDate "2005.02.12"]
[EventType "swiss"]
[EventRounds "9"]
[EventCountry "FRA"]
[Source "lmi"]
[SourceDate "2005.02.18"]

1. e4 c5 2. Nc3 Nc6 3. Bb5 g6 4. Bxc6 dxc6 5. d3 Bg7 6. Nf3 e5 7. Be3 b6 8. h3
Ne7 9. Qd2 O-O 10. Bh6 f6 11. Bxg7 Kxg7 12. Qe3 Be6 13. O-O-O Qd6 14. g4 b5 15.
g5 f5 16. exf5 Rxf5 17. Ne4 Qd5 18. b3 Raf8 19. c4 Qd8 20. Nxc5 Bc8 21. Nxe5
Qa5 22. Qd4 Kg8 23. Ng4 h5 24. Nh6+ Kh7 25. Nxf5 Nxf5 26. Qe5 bxc4 27. dxc4 Ng7
28. Nd3 Qxa2 29. Qb2 Qa5 30. f4 Bf5 31. Rhe1 Rf7 32. Re5 Qc7 33. Nc5 Bxh3 34.
Rde1 Qd8 35. Ne4 Rxf4 36. Re7 Qf8 37. Nf6+ Kh8 38. Rxg7 1-0

[Event "21. Open Cappelle la Grande"]
[Site "Cappelle la Grande FRA"]
[Date "2005.02.16"]
[Round "6"]
[White "Le Corre, Benjamin"]
[Black "Draoui, Najib"]
[Result "0-1"]
[WhiteElo "2150"]
[BlackElo "2377"]
[PlyCount "44"]
[EventDate "2005.02.12"]
[EventType "swiss"]
[EventRounds "9"]
[EventCountry "FRA"]
[Source "lmi"]
[SourceDate "2005.02.18"]

1. e4 c5 2. Nf3 d6 3. d4 cxd4 4. Nxd4 Nf6 5. Nc3 a6 6. Be3 e5 7. Nb3 Be6 8. f3
Nbd7 9. g4 h6 10. Qd2 b5 11. Qf2 b4 12. Na4 d5 13. exd5 Nxd5 14. Bc5 Nxc5 15.
Naxc5 Nf4 16. Rd1 Qc8 17. Nxe6 Qxe6 18. Bd3 Be7 19. Bf5 Qc4 20. Na5 Qc7 21.
Bd7+ Kf8 22. Nc6 Bh4 0-1

[Event "21. Open Cappelle la Grande"]
[Site "Cappelle la Grande FRA"]
[Date "2005.02.16"]
[Round "6"]
[White "Mira, Helene"]
[Black "Plachetka, Jan"]
[Result "0-1"]
[WhiteElo "2184"]
[BlackElo "2441"]
[PlyCount "70"]
[EventDate "2005.02.12"]
[EventType "swiss"]
[EventRounds "9"]
[EventCountry "FRA"]
[Source "lmi"]
[SourceDate "2005.02.18"]

1. Nf3 Nf6 2. c4 g6 3. Nc3 Bg7 4. e4 c5 5. d4 cxd4 6. Nxd4 Nc6 7. Be2 Nxe4 8.
Nxc6 Nxc3 9. Nxd8 Nxd1 10. Nxf7 Nxf2 11. Nxh8 Nxh1 12. Nxg6 hxg6 13. Bf3 Be5
14. g4 Bxh2 15. Bxh1 d6 16. Be3 Be5 17. Kd2 a5 18. Be4 Bxg4 19. Bxg6+ Kd7 20.
Be4 Rh8 21. Bg1 Be6 22. Bxb7 Bxc4 23. Bf3 Rb8 24. Bg4+ e6 25. Rc1 Bf4+ 26. Be3
Rxb2+ 27. Kc3 Bxe3 28. Rh1 Rg2 29. Rh7+ Kc6 30. Bf3+ Bd5 31. Bxg2 Bxg2 32. a4
Bc5 33. Rh8 Bb4+ 34. Kd3 Bf3 35. Kc2 e5 0-1

[Event "21. Open Cappelle la Grande"]
[Site "Cappelle la Grande FRA"]
[Date "2005.02.16"]
[Round "6"]
[White "Montagard, Guillaume"]
[Black "Shengelia, Davit"]
[Result "0-1"]
[WhiteElo "2178"]
[BlackElo "2482"]
[PlyCount "110"]
[EventDate "2005.02.12"]
[EventType "swiss"]
[EventRounds "9"]
[EventCountry "FRA"]
[Source "lmi"]
[SourceDate "2005.02.18"]

1. Nf3 Nf6 2. g3 d5 3. Bg2 c6 4. O-O Bg4 5. d3 Nbd7 6. Nbd2 e6 7. b3 Bd6 8. Bb2
Qe7 9. e4 Ba3 10. Qc1 Bxb2 11. Qxb2 dxe4 12. Nxe4 Bxf3 13. Bxf3 Nxe4 14. Bxe4
Qf6 15. Qxf6 Nxf6 16. Bf3 O-O-O 17. b4 Kc7 18. Rfe1 Nd5 19. Bxd5 cxd5 20. f4 g6
21. Kf2 Rd6 22. Ke3 Rc6 23. Kd2 Kd6 24. c3 Rhc8 25. Rac1 b5 26. d4 Ra6 27. Rc2
Ra3 28. Rb1 h5 29. Rb3 Ra6 30. a3 h4 31. g4 h3 32. g5 Rh8 33. Ke3 Rc6 34. a4
bxa4 35. Ra3 a5 36. bxa5 Rc4 37. Rb2 Ra8 38. Rb7 Rxa5 39. Rxf7 Rb5 40. Rh7 Rb3
41. Rxb3 axb3 42. Kd2 Ra4 43. Rb7 Ra2+ 44. Ke3 Rxh2 45. Rb6+ Kc7 46. Rxb3 Rc2
47. Kd3 Rg2 48. Rb1 h2 49. Rh1 Rg3+ 50. Kc2 Rh3 51. Kb3 Kd6 52. Kb4 Kc6 53. Kb3
Kb5 54. Kc2 Kc4 55. Kd2 Kb3 0-1

[Event "21. Open Cappelle la Grande"]
[Site "Cappelle la Grande FRA"]
[Date "2005.02.16"]
[Round "6"]
[White "Naumkin, Igor"]
[Black "Predojevic, Borki"]
[Result "1/2-1/2"]
[WhiteElo "2422"]
[BlackElo "2546"]
[PlyCount "48"]
[EventDate "2005.02.12"]
[EventType "swiss"]
[EventRounds "9"]
[EventCountry "FRA"]
[Source "lmi"]
[SourceDate "2005.02.18"]

1. d4 Nf6 2. Nf3 g6 3. c4 Bg7 4. Nc3 d5 5. cxd5 Nxd5 6. Bd2 O-O 7. Rc1 Nb6 8.
e3 Nc6 9. Be2 e5 10. dxe5 Nxe5 11. Nxe5 Bxe5 12. O-O Qe7 13. Qc2 c6 14. f4 Bf5
15. e4 Bxc3 16. Qxc3 Bxe4 17. f5 Nd5 18. Qd4 Rfe8 19. fxg6 hxg6 20. Bc4 Qe5 21.
Qf2 Qf5 22. Qd4 Qe5 23. Qf2 Qf5 24. Qd4 Qe5 1/2-1/2

[Event "21. Open Cappelle la Grande"]
[Site "Cappelle la Grande FRA"]
[Date "2005.02.16"]
[Round "6"]
[White "Schuurman, Petra"]
[Black "Medghoul, Abdel"]
[Result "1-0"]
[WhiteElo "2290"]
[BlackElo "1962"]
[PlyCount "41"]
[EventDate "2005.02.12"]
[EventType "swiss"]
[EventRounds "9"]
[EventCountry "FRA"]
[Source "lmi"]
[SourceDate "2005.02.18"]

1. d4 d5 2. c4 e6 3. Nc3 Nf6 4. cxd5 exd5 5. Bg5 Be7 6. e3 c6 7. Bd3 Nbd7 8.
Qc2 Nf8 9. Nge2 Ne6 10. Bxf6 Bxf6 11. O-O-O g6 12. g4 Bd7 13. Kb1 b5 14. f4 Ng7
15. f5 g5 16. e4 dxe4 17. Nxe4 Qe7 18. Nxf6+ Qxf6 19. Ng3 O-O 20. Ne4 Qh6 21.
h4 1-0

[Event "21. Open Cappelle la Grande"]
[Site "Cappelle la Grande FRA"]
[Date "2005.02.16"]
[Round "6"]
[White "Siebrecht, Sebastian"]
[Black "Shneider, Aleksandr"]
[Result "1/2-1/2"]
[WhiteElo "2408"]
[BlackElo "2528"]
[PlyCount "64"]
[EventDate "2005.02.12"]
[EventType "swiss"]
[EventRounds "9"]
[EventCountry "FRA"]
[Source "lmi"]
[SourceDate "2005.02.18"]

1. d4 Nf6 2. Nf3 e6 3. c4 d5 4. Nc3 Be7 5. Bg5 h6 6. Bh4 O-O 7. e3 b6 8. Bd3
Bb7 9. O-O Nbd7 10. Rc1 c5 11. Qe2 Ne4 12. Bxe7 Qxe7 13. cxd5 exd5 14. dxc5
bxc5 15. Ba6 Ndf6 16. Rfd1 Rfd8 17. h3 Rab8 18. Bxb7 Qxb7 19. b3 Qb4 20. Nxe4
Nxe4 21. Qc2 Rbc8 22. Nd2 Nf6 23. Nf3 a5 24. Ne5 a4 25. Nd3 axb3 26. axb3 Qb5
27. Nxc5 Ne4 28. b4 Qxb4 29. Qb3 Qxb3 30. Nxb3 Rxc1 31. Rxc1 Rb8 32. Nd4 Rb7
1/2-1/2

[Event "21. Open Cappelle la Grande"]
[Site "Cappelle la Grande FRA"]
[Date "2005.02.16"]
[Round "6"]
[White "Skatchkov, Pavel"]
[Black "Bruned, Boris"]
[Result "1/2-1/2"]
[WhiteElo "2483"]
[BlackElo "2168"]
[PlyCount "95"]
[EventDate "2005.02.12"]
[EventType "swiss"]
[EventRounds "9"]
[EventCountry "FRA"]
[Source "lmi"]
[SourceDate "2005.02.18"]

1. d4 Nf6 2. c4 e6 3. Nf3 b6 4. g3 Ba6 5. Qa4 c5 6. Bg2 Bb7 7. O-O cxd4 8. Nxd4
Bxg2 9. Kxg2 Qc8 10. Rd1 Be7 11. Bf4 a6 12. Nc3 Qb7+ 13. Kg1 O-O 14. Rac1 Rc8
15. Nf3 Ra7 16. Qb3 Nc6 17. Be3 Bc5 18. Na4 Bxe3 19. Qxe3 Rb8 20. Nc3 Qc8 21.
Ng5 Ne7 22. Nce4 Ne8 23. Qf4 f6 24. Nf3 Rc7 25. b3 d5 26. cxd5 Nxd5 27. Qd2
Rbb7 28. Nd4 Rxc1 29. Qxc1 Qxc1 30. Rxc1 Rc7 31. Rd1 Kf7 32. Rd2 Nc3 33. Nxc3
Rxc3 34. f3 g6 35. Kf2 e5 36. Nc2 Ke7 37. Nb4 Nc7 38. g4 a5 39. Nd5+ Nxd5 40.
Rxd5 Rc2 41. a3 Rc6 42. Rb5 Ke6 43. h4 h5 44. Kg3 Rd6 45. f4 exf4+ 46. Kxf4
hxg4 47. Kxg4 Kd7 48. e3 1/2-1/2

[Event "21. Open Cappelle la Grande"]
[Site "Cappelle la Grande FRA"]
[Date "2005.02.16"]
[Round "6"]
[White "Socko, Bartosz"]
[Black "Laurent, Julien G"]
[Result "1-0"]
[WhiteElo "2591"]
[BlackElo "2252"]
[PlyCount "99"]
[EventDate "2005.02.12"]
[EventType "swiss"]
[EventRounds "9"]
[EventCountry "FRA"]
[Source "lmi"]
[SourceDate "2005.02.18"]

1. Nf3 g6 2. d4 Bg7 3. e4 d6 4. Nc3 a6 5. a4 Nf6 6. h3 O-O 7. Be3 d5 8. e5 Ne4
9. Ra3 f6 10. Be2 Nxc3 11. Rxc3 Nc6 12. exf6 Bxf6 13. O-O e5 14. dxe5 Nxe5 15.
Bd4 Nxf3+ 16. Bxf3 c6 17. Re1 Bd7 18. Rce3 Rf7 19. Bg4 Bxd4 20. Qxd4 Bxg4 21.
Qxg4 Qf6 22. Rf3 Qg7 23. Qe6 Raf8 24. Re5 Kh8 25. Rxf7 Qxf7 26. Qxf7 Rxf7 27.
a5 Kg7 28. g3 Kf6 29. f4 b6 30. Re8 bxa5 31. Rc8 Kf5 32. Rxc6 Rb7 33. b3 Ke4
34. Kf2 a4 35. bxa4 Rb2 36. a5 Ra2 37. Re6+ Kf5 38. Re5+ Kf6 39. Rxd5 Rxc2+ 40.
Kf3 h5 41. Rd6+ Kf7 42. g4 Rc3+ 43. Kg2 h4 44. g5 Kg7 45. Rxa6 Rg3+ 46. Kh2 Ra3
47. Ra7+ Kg8 48. a6 Ra4 49. Kg2 Ra3 50. Kf2 1-0

[Event "21. Open Cappelle la Grande"]
[Site "Cappelle la Grande FRA"]
[Date "2005.02.16"]
[Round "6"]
[White "Stefansson, Hannes"]
[Black "Velikov, Petar"]
[Result "1-0"]
[WhiteElo "2561"]
[BlackElo "2430"]
[PlyCount "79"]
[EventDate "2005.02.12"]
[EventType "swiss"]
[EventRounds "9"]
[EventCountry "FRA"]
[Source "lmi"]
[SourceDate "2005.02.18"]

1. e4 c5 2. Nf3 e6 3. d4 cxd4 4. Nxd4 a6 5. Nc3 Qc7 6. Bd3 Nf6 7. f4 d6 8. Qf3
Nbd7 9. g4 Nc5 10. g5 Nfd7 11. Bd2 b5 12. b4 Nxd3+ 13. cxd3 Bb7 14. O-O g6 15.
Rac1 Qd8 16. Nd5 exd5 17. exd5 Bg7 18. Rfe1+ Ne5 19. fxe5 dxe5 20. Nc6 Bxc6 21.
Rxc6 O-O 22. Rec1 f5 23. Rc7 Re8 24. R1c6 e4 25. dxe4 Rxe4 26. d6 Be5 27. Qh3
h5 28. Qb3+ Kh8 29. Qd5 Qg8 30. Rf7 Rd8 31. Rcc7 Bg7 32. Qb7 Qe8 33. Rfe7 Rxe7
34. Rxe7 Qg8 35. Qc7 Bd4+ 36. Kf1 Rf8 37. d7 Qd5 38. Ke2 Ba1 39. Re8 Qg2+ 40.
Kd1 1-0

[Event "21. Open Cappelle la Grande"]
[Site "Cappelle la Grande FRA"]
[Date "2005.02.16"]
[Round "6"]
[White "Svetushkin, Dmitry"]
[Black "Wang Yu1"]
[Result "1-0"]
[WhiteElo "2530"]
[BlackElo "2390"]
[PlyCount "69"]
[EventDate "2005.02.12"]
[EventType "swiss"]
[EventRounds "9"]
[EventCountry "FRA"]
[Source "lmi"]
[SourceDate "2005.02.18"]

1. d4 d5 2. c4 dxc4 3. e4 Nf6 4. e5 Nd5 5. Bxc4 Nb6 6. Bd3 Nc6 7. Ne2 Bg4 8. f3
Be6 9. Nbc3 Bd5 10. O-O e6 11. a3 Qd7 12. Qc2 Bc4 13. Bxc4 Nxc4 14. Rd1 Nb6 15.
Be3 Be7 16. Qe4 Nd5 17. Nxd5 exd5 18. Qd3 O-O 19. Rf1 f6 20. f4 Rad8 21. b4 Kh8
22. b5 Na5 23. f5 Nc4 24. e6 Qxb5 25. Nf4 Nd6 26. Qxb5 Nxb5 27. a4 Na3 28. Rf3
Nc4 29. Rb1 b6 30. Bc1 c5 31. Rh3 Kg8 32. Rbb3 cxd4 33. Rxh7 d3 34. Rxd3 Bc5+
35. Kf1 1-0

[Event "21. Open Cappelle la Grande"]
[Site "Cappelle la Grande FRA"]
[Date "2005.02.16"]
[Round "6"]
[White "Thorhallsson, Throstur"]
[Black "Leburgue, Sylvain"]
[Result "1-0"]
[WhiteElo "2455"]
[BlackElo "2192"]
[PlyCount "61"]
[EventDate "2005.02.12"]
[EventType "swiss"]
[EventRounds "9"]
[EventCountry "FRA"]
[Source "lmi"]
[SourceDate "2005.02.18"]

1. e4 c5 2. Nf3 Nc6 3. Bb5 e6 4. O-O Nge7 5. c3 a6 6. Ba4 b5 7. Bc2 Bb7 8. Re1
Rc8 9. d4 cxd4 10. cxd4 Nb4 11. Bb3 Rxc1 12. Qxc1 Nd3 13. Qe3 Nxe1 14. Qxe1 Ng6
15. Nc3 Be7 16. Rd1 O-O 17. Qe3 Qb6 18. e5 f5 19. exf6 Bxf6 20. Ne4 Be7 21. d5
Qxe3 22. fxe3 Kh8 23. d6 Bxe4 24. dxe7 Nxe7 25. Rxd7 Nd5 26. Ng5 Nxe3 27. Nf7+
Kg8 28. Bxe6 Ba8 29. Rd3 Nxg2 30. Ne5+ Kh8 31. Ng6+ 1-0

[Event "21. Open Cappelle la Grande"]
[Site "Cappelle la Grande FRA"]
[Date "2005.02.16"]
[Round "6"]
[White "Timoshenko, Georgy"]
[Black "Makropoulou, Marina"]
[Result "1/2-1/2"]
[WhiteElo "2546"]
[BlackElo "2237"]
[PlyCount "60"]
[EventDate "2005.02.12"]
[EventType "swiss"]
[EventRounds "9"]
[EventCountry "FRA"]
[Source "lmi"]
[SourceDate "2005.02.18"]

1. e4 e5 2. Nf3 Nc6 3. Bb5 a6 4. Ba4 Nf6 5. O-O b5 6. Bb3 Bc5 7. Nxe5 Nxe5 8.
d4 Bxd4 9. Qxd4 d6 10. f4 c5 11. Qc3 Neg4 12. e5 c4 13. exf6 O-O 14. Bxc4 bxc4
15. fxg7 Re8 16. h3 Qb6+ 17. Kh1 Nf2+ 18. Kh2 Bb7 19. Qd2 Ne4 20. Qe3 Qxe3 21.
Bxe3 c3 22. bxc3 Ng3 23. Kxg3 Rxe3+ 24. Kh2 Re2 25. Rg1 Rxc2 26. Na3 Rxc3 27.
Rab1 Bd5 28. Rbd1 Bxa2 29. Nb1 Bxb1 30. Rxb1 a5 1/2-1/2

[Event "21. Open Cappelle la Grande"]
[Site "Cappelle la Grande FRA"]
[Date "2005.02.16"]
[Round "6"]
[White "Tissir, Mohamed"]
[Black "Chernyshov, Konstantin"]
[Result "0-1"]
[WhiteElo "2426"]
[BlackElo "2556"]
[PlyCount "76"]
[EventDate "2005.02.12"]
[EventType "swiss"]
[EventRounds "9"]
[EventCountry "FRA"]
[Source "lmi"]
[SourceDate "2005.02.18"]

1. e4 c5 2. Nc3 a6 3. Nf3 b5 4. d4 cxd4 5. Nxd4 e6 6. Bd3 Bb7 7. O-O Nc6 8.
Nxc6 Bxc6 9. Qe2 Nf6 10. a3 Qc7 11. Re1 Qe5 12. Be3 Qh5 13. Qxh5 Nxh5 14. e5 f5
15. exf6 Nxf6 16. Bd4 Be7 17. Ne4 Nxe4 18. Bxe4 Bxe4 19. Rxe4 Bf6 20. Bxf6 gxf6
21. a4 Ke7 22. g3 Rac8 23. axb5 axb5 24. Rb4 Rxc2 25. Rxb5 f5 26. Ra7 Rhc8 27.
Ra4 Rd2 28. Rf4 Rcc2 29. b4 Kf6 30. Rb8 d5 31. b5 Rb2 32. Rf8+ Ke5 33. Rh8 Rxb5
34. Rxh7 d4 35. Ra7 Rdb2 36. Kg2 d3 37. Ra3 Rd5 38. Rf3 d2 0-1